A caminho das nocoes basicas de geografia / vol1 (Record no. 177638)

MARC details
000 -LÍDER
campo de controle de tamanho fixo 00395 a2200157 4500
001 - NÚMERO DE CONTROLE
campo de controle 177638
020 ## - ISBN - INTERNATIONAL STANDARD BOOK NUMBER
ISBN - International Standard Book Number
040 ## - FONTE DA CATALOGAÇÃO
Instituição que transcreveu o registro Magnum
100 ## - ENTRADA PRINCIPAL--NOME PESSOAL
Nome pessoal Sann, Janine Gisele Le
240 10 - TÍTULO UNIFORME
Título uniforme A caminho das nocoes basicas de geografia / vol1
Idioma da obra por
245 10 - TÍTULO
Título A caminho das nocoes basicas de geografia / vol1
362 0# - DATAS DE PUBLICAÇÃO E/OU DESIGNAÇÃO SEQUENCIAL
Datas de publicação e/ou designação sequencial 1899
440 #1 - DECLARAÇÃO DE SÉRIE/ENTRADA ADICIONADA--TÍTULO
Título Dimensão
697 ## - ENTRADA DE ASSUNTO LOCAL--ENTIDADE COLETIVA (RLIN)
Nome corporativo ou nome da jurisdição MAGNITO: PARADIDATICO
942 ## - ELEMENTOS DE ENTRADA ADICIONADOS (KOHA)
Tipo de material Koha Livros
Holdings
Situação do descarte Situação das perdas Situação física Não pode ser emprestado Biblioteca de origem Biblioteca atual Data de aquisição Total de empréstimos Número de chamada completo Código de barras Data de último acesso Data do preço efetivo Tipo de material Koha
        Magnum Magnum 08/06/2024   LI.06397 MAG00026921 08/06/2024 08/06/2024 Livros